000 01879nam a2200277Ia 4500
003 Ost
005 20260507074914.0
008 260507s9999||||xx |||||||||||||| ||und||
020 _a978995712167
040 _cfsecg
041 _aara
082 _a658
100 _aالدوري، زكريا مطلك
_eمؤلف
245 0 _aإدارة الأعمال الدولية :
_bمنظور سلوكي واستراتيجي /
_c زكريا مطلك الدوري
260 _aعمان:
_bدار اليازوري العلمية للنشر والتوزيع,
_c2009
300 _a524 صفحة؛
_bإيضاحات ؛
_c24 سم
504 _aببليوغرافيا: ص.507
520 _aالمرتكزات الفكرية لادارة الاعمال الدولية، خصائص كيانات منظمات الاعمال الدولية، الاطار الثقافي للإدارة الدولية، الاطار الثقافي للادارة الدولية، المعمارية التنظيمية للادارة الدولية، القيادة الدولية، دوافع ومداخل صياغة الاستراتيجية الدولية، منهجية صياغة الاستراتيجية الدولية، ادارة الموارد البشرية الدولية، ادارة التسويق الدولي، استراتيجية ادارة الامدادات الدولية، الادارة المالية الدولية، ادارة حاضنات الاعمال الدولية، منهج الاخلاقيات في الادارة الدولية، مداخل ممارسة الاخلاقيات في الادارة الدولية
653 _aادارة الاعمال
653 _aالادارة
653 _aالاستراتيجية
653 _aالقوى العاملة
653 _aالقيادة
700 _aصالح، أحمد علي
_eمؤلف ثانوي
942 _cكتاب
999 _c41762
_d41762